BSOP header

The Acts of the Apostles / (Record no. 3616)

MARC details
000 -LEADER
fixed length control field 00616nam a2200193 4500
008 - FIXED-LENGTH DATA ELEMENTS--GENERAL INFORMATION
fixed length control field 010830s1981 us 0 engYA
020 ## - INTERNATIONAL STANDARD BOOK NUMBER
International Standard Book Number 0802819044
090 ## - LOCALLY ASSIGNED LC-TYPE CALL NUMBER (OCLC); LOCAL CALL NUMBER (OCLC)
Classification number (OCLC) (R) ; Classification number, CALL (RLIN) (NR) BS491.2
Local cutter number (OCLC) ; Book number/undivided call number, CALL (RLIN) N42rs
-- Acts
100 1# - MAIN ENTRY--PERSONAL NAME
Personal name Neil, William
245 10 - TITLE STATEMENT
Title The Acts of the Apostles /
Statement of responsibility, etc William Neil.
260 ## - PUBLICATION, DISTRIBUTION, ETC. (IMPRINT)
Place of publication, distribution, etc Michigan :
Name of publisher, distributor, etc Eerdmans,
Date of publication, distribution, etc c1981.
300 ## - PHYSICAL DESCRIPTION
Extent 270 p.
490 1# - SERIES STATEMENT
Series statement The new century Bible commentary
500 ## - GENERAL NOTE
General note Based on the Revised Standard Version.
504 ## - BIBLIOGRAPHY, ETC. NOTE
Bibliography, etc Biblio. : pp. 11-12.
650 #4 - SUBJECT ADDED ENTRY--TOPICAL TERM
Topical term or geographic name as entry element Bible. N.T. Acts
General subdivision Commentaries.
951 ## - EQUIVALENCE OR CROSS-REFERENCE-GEOGRAPHIC NAME/AREA NAME [OBSOLETE] [CAN/MARC only]
-- 6658
-- BS491.2/N42rs/Acts
-- 070613110954937
-- 2000-12-21
-- REF
Holdings
Withdrawn status Lost status Damaged status Not for loan Home library Current library Shelving location Date acquired Accession number Shelving control number Total Checkouts Full call number Date last seen Price effective from Koha item type
        BSOP Library BSOP Library Reference 12/21/2000 6658 127   BS491.2/N42rs/Acts 02/23/2013 02/23/2013 Books
BSOP

Biblical Seminary of the Philippines
  All rights Reserved
  © 2024

CONTACT INFORMATION

Biblical Seminary of the Philippines,
  77-B Karuhatan Road, Valenzuela City,
  PHILIPPINES 1441
  Phone: +632 8292-6795 / 8292-6798
  Fax : +632 8292-6675
  Email: library@bsop.edu.ph